新潟県の公立高校 - Statistics

General Stats
  • This quiz has been taken 62 times
  • The average score is 33 of 81
Answer Stats
高校名 % Correct
長岡高校
97%
新潟高校
92%
三条高校
89%
村上高校
89%
糸魚川高校
83%
柏崎高校
83%
新潟南高校
83%
新発田高校
78%
高田高校
78%
十日町高校
78%
新潟北高校
78%
新潟工業高校
78%
小千谷高校
75%
佐渡高校
75%
新潟西高校
72%
新潟東高校
72%
新潟商業高校
67%
六日町高校
64%
新井高校
61%
長岡工業高校
61%
新津高校
58%
見附高校
58%
阿賀野高校
56%
五泉高校
56%
長岡商業高校
56%
小出高校
47%
加茂高校
44%
中条高校
44%
柏崎工業高校
42%
白根高校
42%
巻高校
42%
高田北城高校
39%
三条商業高校
36%
新発田農業高校
36%
高田農業高校
36%
豊栄高校
36%
長岡大手高校
36%
村上桜ヶ丘高校
36%
糸魚川白嶺高校
33%
新発田商業高校
33%
栃尾高校
33%
長岡向陵高校
33%
新潟中央高校
33%
吉田高校
33%
出雲崎高校
31%
海洋高校
31%
三条東高校
31%
新発田南高校
31%
高田商業高校
31%
十日町総合高校
31%
松代高校
31%
阿賀黎明高校
28%
長岡農業高校
28%
新潟江南高校
28%
小千谷西高校
25%
柏崎総合高校
25%
国際情報高校
25%
佐渡総合高校
25%
新津工業高校
25%
村松高校
25%
加茂農林高校
22%
分水高校
22%
柏崎常盤高校
19%
高田南城高校
19%
新津南高校
19%
羽茂高校
19%
堀之内高校
19%
巻総合高校
19%
塩沢商工高校
17%
上越総合技術高校
17%
新潟県央工業高校
17%
新潟向陽高校
17%
新潟翠江高校
17%
西新発田高校
17%
正徳館高校
14%
八海高校
14%
万代高校
14%
荒川高校
11%
長岡明徳高校
11%
明鏡高校
11%
有恒高校
11%
No matching quizzes found
Score Distribution
Percent of People with Each Score
Percentile by Number Answered
Your Score History
You have not taken this quiz